000 00739nam a22002297a 4500
003 0
005 20251028102535.0
008 251028b xxu||||| |||| 00| 0 eng d
020 _a978-93-48196-96-5
050 _aG 156.5.I53
_b.W35 2025
100 _aWalsh, Mark,
_eauthor.
245 _aIndigenous tourism :
_bthe commodification and management of culture /
_cMark Walsh.
250 _aFirst edition.
260 _aNew Delhi, India :
_bVenus Books,
_c2025.
300 _axi, 254 pages :
_billustrations ;
_c24 cm.
504 _aIncludes bibliographical references and index.
650 _aIndigenous tourism.
650 _aCultural tourism.
650 _aEthnic tourism.
650 _aCulture
_xEconomic aspects.
942 _2lcc
_cBK
999 _c368369
_d368369